000 00817nam a2200229Ii 4500
003 JO-AjNU
008 230605s9999||||xx |||||||||||||| ||und||
017 _a2009/5/1731
020 _a978-9957-70-242-7
040 _aJO-AjNU
_bara
_erda
_cJO-AjNU
041 _aara
050 1 4 _aPJ7543.M5698.2010
100 3 _aمقدادي،زياد محمود,
_eauthor
_933646
245 0 0 _aالمقدمة الطليّة عند النقاد المحدثين دراسة تحليلية
250 _aط1
264 3 1 _aإربد: عالم الكتب الحديث، 2009
300 _a154ص
336 _atext
_btxt
_2rdacontent
337 _aunmediated
_bn
_2rdamedia
338 _avolume
_bnc
_2rdacarrier
650 4 _aالشعر العربي-العصرالحديث-النقد الأدبي-التحليل الادبي
_933647
999 _aA13716
_c17284
_d17284